Analiza topografii powierzchni kształtowanych z użyciem wieloostrzowych narzędzi frezerskich z ostrzami o zróżnicowanym ukształtowaniu : (Rekord nr 10639)
| 000 -ETYKIETA REKORDU | |
|---|---|
| podpole kontrolne o stałej długości | 02206nam a22004337i 4500 |
| 003 - IDENTYFIKATOR NUMERU KONTROLNEGO REKORDU | |
| podpole kontrolne | KOSZ 005 |
| 005 - DATA OSTATNIEJ MODYFIKACJI REKORDU | |
| podpole kontrolne | 20200616113404.0 |
| 008 - POLE O STAŁEJ DŁUGOŚCI - DANE KONTROLNE | |
| podpole kontrolne o stałej długości | 180719s2012 pl a|||f m||| 00| 0 pol d |
| 035 ## - NUMER SYSTEMOWY | |
| Numer systemowy przejętego rekordu | 10639 |
| 040 ## - ŹRÓDŁO KATALOGOWANIA | |
| Instytucja, która utworzyła rekord | KOSZ 005 |
| Instytucja, która sporządziła opis | KOSZ 005 |
| Instytucja, która dokonała modyfikacji | KOSZ 005/EG |
| 041 ## - KOD JĘZYKA | |
| Kod języka tekstu | pol |
| 046 ## - SPECIAL CODED DATES | |
| Type of date code | 2012 |
| 080 ## - UNIWERSALNA KLASYFIKACJA DZIESIĘTNA - UKD | |
| UKD | 621.91 |
| 084 ## - NUMER INNEJ KLASYFIKACJI | |
| Numer klasyfikacji | 370000 |
| 100 1# - NAZWA OSOBOWA | |
| Nazwa osobowa | Żurawski, Łukasz. |
| Określenie rodzaju współpracy | Autor |
| 245 10 - TYTUŁ/ODPOWIEDZIALNOŚĆ | |
| Tytuł | Analiza topografii powierzchni kształtowanych z użyciem wieloostrzowych narzędzi frezerskich z ostrzami o zróżnicowanym ukształtowaniu : |
| Ciąg dalszy tytułu | rozprawa doktorska / |
| Pozostałe elementy strefy tytułu i oznaczenia odpowiedzialności | Łukasz Żurawski ; Politechnika Koszalińska. Wydział Mechaniczny. Zakład Monitorowania Procesów Technologicznych. |
| 260 ## - STREFA ADRESU WYDAWNICZEGO | |
| Miejsce wydania | Koszalin : |
| Nazwa wydawcy/dystrybutora | [s.n.], |
| Data publikacji, dystrybucji/powstania dokumentu | 2012. |
| 300 ## - STREFA OPISU FIZYCZNEGO | |
| Objętość | 191 stron : |
| Inne cechy fizyczne | ilustracje ; |
| Rozmiary | 30 cm + |
| Dokument towarzyszący | 2 recenzje ; załącznik. |
| 336 ## - TYP ZAWARTOŚCI | |
| Źródło (terminu i kodu) | rdacontent |
| Termin opisujący typ zawartości | Tekst |
| Kod określający zawartość | txt |
| 337 ## - TYP MEDIÓW | |
| Źródło (terminu i kodu) | rdamedia |
| Tryb odtwarzania | Bez urządzenia pośredniczącego |
| Kod typu mediów | n |
| 338 ## - TYP/RODZAJ NOŚNIKA | |
| Źródło (terminu i kodu) | rdacarrier |
| Hasło opisujące typ nośnika | Wolumin |
| Kod typu nośnika | nc |
| 502 ## - UWAGA DOTYCZĄCA DYSERTACJI | |
| Informacje o dysertacji | Rozprawa doktorska. Politechnika Koszalińska. 2012. |
| 504 ## - UWAGA DOTYCZACA BIBLIOGRAFII | |
| Informacje o bibliografii | Bibliografia na stronach 173-183. |
| 506 ## - UWAGA DOTYCZĄCA OGRANICZEŃ W ROZPOWSZECHNIANIU | |
| Warunki rozpowszechniania | Dostępne online na zasadzie licencji Creative Commons wersja BY-NC 4.0. |
| 520 ## - UWAGA DOTYCZĄCA TREŚCI DOKUMENTU | |
| Analiza dokumentacyjna, adnotacja itp. | W pracy podjęto próbę wyjaśnienia zjawisk fizyczno-mechanicznych zachodzących na styku powierzchni obrobionej i otoczenia naroża ostrza podczas frezowania walcowo - czołowego, oraz opracowania metody do akwizycji danych pochodzących z powierzchni obrobionej po frezowaniu i zużyciu ostrzy w otoczeniu ich naroży w głowicy frezowej. Zdokumentowano i porównano zmiany powierzchni obrobionej z otrzymanymi obrazami cyfrowymi śladów zużycia. |
| 653 ## - TERMIN INDEKSOWY - FORMA NIEKONTROLOWANA | |
| Termin indeksowy | Frezarki |
| 653 ## - TERMIN INDEKSOWY - FORMA NIEKONTROLOWANA | |
| Termin indeksowy | Obróbka skrawaniem |
| 653 ## - TERMIN INDEKSOWY - FORMA NIEKONTROLOWANA | |
| Termin indeksowy | Narzędzia skrawające |
| 653 ## - TERMIN INDEKSOWY - FORMA NIEKONTROLOWANA | |
| Termin indeksowy | Inżynieria powierzchni |
| 653 ## - TERMIN INDEKSOWY - FORMA NIEKONTROLOWANA | |
| Termin indeksowy | Cyfrowe przetwarzanie obrazów |
| 658 ## - INDEX TERM--CURRICULUM OBJECTIVE | |
| Main curriculum objective | Inżynieria i technika |
| 655 #4 - TERMIN INDEKSOWY - OKREŚLENIE RODZAJU/FORMY DOKUMENTU | |
| Określnie rodzaju/formy dokumentu | Rozprawa doktorska |
| 700 1# - HASŁO DODATKOWE - NAZWA OSOBOWA | |
| Nazwa osobowa | Storch, Borys. |
| Określenie związku między hasłem a opisywanym materiałem | Promotor |
| 700 1# - HASŁO DODATKOWE - NAZWA OSOBOWA | |
| Nazwa osobowa | Kacalak, Wojciech. |
| Określenie związku między hasłem a opisywanym materiałem | Recenzja |
| 710 2# - HASŁO DODATKOWE - NAZWA CIAŁA ZBIOROWEGO | |
| Nazwa ciała zbiorowego lub jednostki geograficznej | Wydział Mechaniczny (Politechnika Koszalińska) |
| 700 1# - HASŁO DODATKOWE - NAZWA OSOBOWA | |
| Nazwa osobowa | Gawlik, Józef |
| Określenie związku między hasłem a opisywanym materiałem | Recenzja |
| 942 ## - HASŁO DODATKOWE - ELEMENTY(KOHA) | |
| Typ dokumentu | Rozprawa doktorska |
| Schemat klasyfikacji | Uniwersalna klasyfikacja dziesiętna |
| Wycofany | Zagubiony | Dołączone materiały | Uszkodzony | Dostępność | Lokalizacja stała | Lokalizacja bieżąca | Miejsce przechowywania | Sygnatura | Kod kreskowy | Typ dokumentu |
|---|---|---|---|---|---|---|---|---|---|---|
| 2 recenzje, załącznik | Tylko na miejscu | Bibliografia Prac Pracowników - BPK | Bibliografia Prac Pracowników - BPK | Informatorium | RD 175 | 09040731 | Rozprawa doktorska |
